000 00420nam a2200157 i 4500
001 95305
003 ES-MaACL
005 20230906181657.0
007 t|
008 050526s1926 ag ||||1| spa d
100 1 _aLynch, Benito.
_974932
245 1 0 _aRaquela
_b: novela /
_cBenito Lynch.
260 _aBuenos Aires :
_b[s.n.],
_c1926 (
_fL. J. Rosso y Cía)
300 _a141 p. ;
_c19 cm.
852 _aES-MaACL
_jA-3757
999 _c95305
_d95305